MODERN NUTRITION IN HEALTH AND DISEASE (Record no. 12051)

MARC details
000 -LEADER
fixed length control field 00316nam a22001337a 4500
003 - CONTROL NUMBER IDENTIFIER
control field SGT
082 ## - DEWEY DECIMAL CLASSIFICATION NUMBER
Classification number 613.2
Item number M14R
100 ## - MAIN ENTRY--PERSONAL NAME
Personal name ROSS, A. CATHARINE
245 ## - TITLE STATEMENT
Title MODERN NUTRITION IN HEALTH AND DISEASE
260 ## - PUBLICATION, DISTRIBUTION, ETC. (IMPRINT)
Place of publication, distribution, etc PHILADELPHIA
Name of publisher, distributor, etc WOLTERS KULWER
Year of Publication 2014
300 ## - PAGE DESCRIPTION
No. of Pages 1616
650 ## - SUBJECT ADDED ENTRY--TOPICAL TERM
Topical term or geographic name as entry element NUTRITION
942 ## - ADDED ENTRY ELEMENTS (KOHA)
Source of classification or shelving scheme Dewey Decimal Classification
Koha item type Books
Holdings
Withdrawn status Lost status Source of classification or shelving scheme Damaged status Not for loan Collection code Home library Current library Shelving location Date acquired Vendor Name SGTU Bill Number Total Checkouts Full call number Accession No. (Barcode) Date last seen Bill Date Koha item type
    Dewey Decimal Classification   Not For Loan MEDICAL SGT Medical Library SGT Medical Library Reference Book 28/06/2017 ABC SGTU 8041   613.2 M14R FM8564 12/03/2019 28/06/2017 Books